[Event "Naujac op"]
[Site "Naujac"]
[Date "2009.07.??"]
[Round "5"]
[White "Bissieres, Mathieu"]
[Black "Abergel, Thal"]
[Result "1/2-1/2"]
[WhiteElo "2294"]
[BlackElo "2497"]
[PlyCount "28"]
[EventDate "2009.07.??"]
[EventType "swiss"]
[EventRounds "9"]
[EventCountry "FRA"]
[SourceTitle "CBM 131 Extra"]
[Source "ChessBase"]
[SourceDate "2009.09.03"]
[SourceVersion "2"]
[SourceVersionDate "2009.09.16"]
[SourceQuality "1"]

1. e4 c5 2. Nf3 Nc6 3. d4 cxd4 4. Nxd4 Nf6 5. Nc3 d6 6. Bg5 e6 7. Qd2 a6 8. 0-0-0 Nxd4 9. Qxd4 Be7 10. f4 b5 11. Bxf6 gxf6 12. e5 d5 13. Kb1 0-0 14. Bd3 Kh8 1/2-1/2

[Event "Naujac op"]
[Site "Naujac"]
[Date "2009.07.??"]
[Round "7"]
[White "Bissieres, Mathieu"]
[Black "Castro, John"]
[Result "1-0"]
[WhiteElo "2294"]
[BlackElo "2085"]
[PlyCount "87"]
[EventDate "2009.07.??"]
[EventType "swiss"]
[EventRounds "9"]
[EventCountry "FRA"]
[SourceTitle "CBM 131 Extra"]
[Source "ChessBase"]
[SourceDate "2009.09.03"]
[SourceVersion "2"]
[SourceVersionDate "2009.09.16"]
[SourceQuality "1"]

1. Nf3 Nf6 2. d3 d5 3. g3 Nbd7 4. Bg2 e5 5. 0-0 Be7 6. c3 0-0 7. Qc2 c6 8. Nbd2 Re8 9. Rd1 Bc5 10. e3 Bb6 11. b3 Nf8 12. h3 Ng6 13. Bb2 h5 14. c4 Qe7 15. a4 h4 16. g4 Bc7 17. Ba3 Qd7 18. cxd5 cxd5 19. Rac1 Bb8 20. Nh2 a5 21. Qc5 Ra6 22. Qc3 d4 23. Qc4 dxe3 24. fxe3 Ba7 25. Bc5 Bxc5 26. Qxc5 Qxd3 27. Bf1 Qd6 28. Bxa6 Qxa6 29. Nc4 Ne4 30. Qb6 Qxb6 31. Nxb6 Be6 32. Nc4 Ng5 33. Kg2 Rc8 34. Nf3 Nxf3 35. Kxf3 Rc5 36. Nd2 Rd5 37. Ke2 Ne7 38. Rc7 Nc6 39. Rxb7 Rc5 40. Ne4 Rc2+ 41. Rd2 Rc1 42. Ng5 Bc8 43. Rb8 Nxb8 44. Rd8# 1-0

[Event "Naujac op"]
[Site "Naujac"]
[Date "2009.07.??"]
[Round "6"]
[White "Kunze, Carlo"]
[Black "Bissieres, Mathieu"]
[Result "1-0"]
[WhiteElo "2285"]
[BlackElo "2294"]
[PlyCount "65"]
[EventDate "2009.07.??"]
[EventType "swiss"]
[EventRounds "9"]
[EventCountry "FRA"]
[SourceTitle "CBM 131 Extra"]
[Source "ChessBase"]
[SourceDate "2009.09.03"]
[SourceVersion "2"]
[SourceVersionDate "2009.09.16"]
[SourceQuality "1"]

1. d4 Nf6 2. c4 g6 3. Nc3 Bg7 4. e4 d6 5. Be2 0-0 6. Nf3 e5 7. d5 Nbd7 8. Bg5 a5 9. Nd2 h6 10. Be3 Ne8 11. 0-0 f5 12. f3 f4 13. Bf2 h5 14. a3 g5 15. b4 Ndf6 16. c5 Rf7 17. Nc4 Bf8 18. cxd6 Bxd6 19. Nb5 Qe7 20. Nxa5 g4 21. Bh4 g3 22. hxg3 fxg3 23. Nc4 Rg7 24. Nbxd6 Nxd6 25. f4 exf4 26. Qd4 Qxe4 27. Bxf6 Qxe2 28. Nxd6 f3 29. Rxf3 Rg4 30. Qc3 cxd6 31. Re1 Qc4 32. Re8+ Kf7 33. Bd4+ 1-0